000 00730cam a22002531 4500
001 sa 67006980
003 DLC
005 20260227112411.0
008 810725m19351963xx 000 0 ben
010 _asa 67006980
035 _a(OCoLC)14753955
040 _aDLC
_cDNLM
_dDLC
042 _apremarc
050 0 0 _aRS180.I3
_bC52
060 0 _aQV 4
_bC495r
100 1 _aChatterjee, Prabhakar,
_d1903-
245 1 0 _aRasacikiţsā.
_bA treatise on Ayurvedic chemistry of medicine.
260 _c[1935-1963 or 4; v. 1, 1959]
300 _a3 v.
500 _aVol. 3: 2. [in vernacular].
500 _aVol. 3 has imprint: [in vernacular].
500 _aIn Bengali.
740 2 _aA treatise on Ayurvedic chemistry of medicine
999 _c76264
_d76264